THE CROSSING OF JUEZ THE OCTOBER WAR 1978 (Record no. 580317)
[ view plain ]
| 000 -LEADER | |
|---|---|
| fixed length control field | 00311nam a22001217a 4500 |
| 020 ## - INTERNATIONAL STANDARD BOOK NUMBER | |
| International Standard Book Number | 0-86199-005-6 |
| 082 ## - DEWEY DECIMAL CLASSIFICATION NUMBER | |
| Classification number | 355.02 SAA'C |
| 100 ## - MAIN ENTRY--PERSONAL NAME | |
| Personal name | SAAD, EL-SHAZLY GENERAL |
| 9 (RLIN) | 74818 |
| 245 ## - TITLE STATEMENT | |
| Title | THE CROSSING OF JUEZ THE OCTOBER WAR 1978 |
| 260 ## - PUBLICATION, DISTRIBUTION, ETC. | |
| Place of publication, distribution, etc. | LONDON |
| Name of publisher, distributor, etc. | THIRD WORLD CENTRE |
| Date of publication, distribution, etc. | 1980 |
| 300 ## - PHYSICAL DESCRIPTION | |
| Extent | 231P |
| 942 ## - ADDED ENTRY ELEMENTS (KOHA) | |
| Koha item type | Book |
| Withdrawn status | Lost status | Damaged status | Not for loan | Permanent Location | Current Location | Shelving location | Date acquired | Total Checkouts | Full call number | Barcode | Date last seen | Price effective from | Koha item type |
|---|---|---|---|---|---|---|---|---|---|---|---|---|---|
| College of Electrical & Mechanical Engineering (CEME) | College of Electrical & Mechanical Engineering (CEME) | General Stacks | 05/10/2017 | 355.02 SAA'C | CEME-15481 | 06/28/2021 | 06/28/2021 | Book |
